Loading...
| Religion | 0 | 5 | 0 | 2 | 50 | 74 | 107.80 | 2 | 3 |
| History - American History | 1 | 2 | 0 | 0 | 35 | 66 | 82.00 | 3 | 3 |
| Fine Arts - Other Fine Arts | 1 | 2 | 0 | 0 | 35 | 52 | 75.00 | 2 | 3 |
| Philosophy | 0 | 3 | 0 | 0 | 30 | 80 | 102.00 | 0 | 3 |
| Fine Arts - Auditory Fine Arts | 2 | 0 | 0 | 0 | 30 | 53 | 56.50 | 0 | 2 |
| Social Science | 1 | 1 | 0 | 0 | 25 | 25 | 58.50 | 2 | 2 |
| History - Other History | 1 | 1 | 0 | 1 | 25 | 54 | 100.00 | 1 | 1 |
| Literature - World Literature | 0 | 2 | 0 | 1 | 20 | 95 | 117.00 | 0 | 0 |
| History - European History | 0 | 2 | 1 | 1 | 15 | 71 | 100.00 | 0 | 1 |
| Literature - British Literature | 0 | 1 | 0 | 0 | 10 | 120 | 120.00 | 0 | 0 |
| History - World History | 0 | 1 | 0 | 0 | 10 | 63 | 63.00 | 1 | 1 |
| Science - Biology | 0 | 1 | 0 | 1 | 10 | 121 | 121.00 | 1 | 1 |
| Pop Culture | 0 | 1 | 0 | 0 | 10 | 109 | 109.00 | 0 | 1 |
| Mythology | 0 | 1 | 0 | 0 | 10 | 87 | 87.00 | 0 | 1 |